[Event "Elancourt op 10th"]
[Site "Elancourt"]
[Date "2007.04.18"]
[Round "6"]
[White "Lvov, Nicolay"]
[Black "Levier, Jean Francois"]
[Result "1-0"]
[WhiteElo "1699"]
[BlackElo "1690"]
[PlyCount "75"]
[EventDate "2007.04.14"]
[EventType "swiss"]
[EventRounds "9"]
[EventCountry "FRA"]
[SourceTitle "CBM 118 Extra"]
[Source "ChessBase"]
[SourceDate "2007.07.04"]
[SourceVersion "1"]
[SourceVersionDate "2007.07.04"]
[SourceQuality "1"]

1. e4 d6 2. d4 Nf6 3. Nc3 e5 4. Nge2 Be7 5. Be3 0-0 6. f3 Nbd7 7. Qd2 c6 8. g4 exd4 9. Nxd4 Ne5 10. Be2 Nfxg4 11. 0-0-0 Nxe3 12. Qxe3 Bg5 13. f4 Bh6 14. Kb1 Ng6 15. h4 Bxf4 16. Qf2 Be5 17. h5 Nf4 18. Bc4 Bg4 19. Nf3 Bxf3 20. Qxf3 Qb6 21. Rdg1 Qb4 22. Bb3 a5 23. a3 Qb6 24. Rg4 Ne6 25. Ba2 Nd4 26. Qg2 Ne6 27. Qf3 a4 28. Ka1 Qd8 29. Rf1 Qf6 30. Qh3 Qh6 31. Ne2 b5 32. Ng3 g6 33. Nf5 Qd2 34. hxg6 fxg6 35. Bxe6+ Kh8 36. Qxh7+ Kxh7 37. Rh4+ Qh6 38. Rxh6# 1-0

[Event "Elancourt op 10th"]
[Site "Elancourt"]
[Date "2007.04.16"]
[Round "4"]
[White "Lvov, Nicolay"]
[Black "Scoatarin, Jean"]
[Result "0-1"]
[WhiteElo "1699"]
[BlackElo "2025"]
[PlyCount "146"]
[EventDate "2007.04.14"]
[EventType "swiss"]
[EventRounds "9"]
[EventCountry "FRA"]
[SourceTitle "CBM 118 Extra"]
[Source "ChessBase"]
[SourceDate "2007.07.04"]
[SourceVersion "1"]
[SourceVersionDate "2007.07.04"]
[SourceQuality "1"]

1. Nf3 Nf6 2. d4 d5 3. g3 g6 4. Bg2 Bg7 5. 0-0 0-0 6. Na3 c5 7. c3 cxd4 8. cxd4 Nc6 9. Bg5 Ne4 10. Nc2 Nxg5 11. Nxg5 h6 12. Nh3 Bf5 13. e3 Rc8 14. Ne1 Bd7 15. f4 Qb6 16. Nd3 Bxh3 17. Bxh3 e6 18. Kh1 Rfe8 19. g4 Nb4 20. Rf2 Nxd3 21. Qxd3 Rc6 22. Bg2 Rec8 23. h4 Rc1+ 24. Rxc1 Rxc1+ 25. Kh2 Qa5 26. Rc2 Rxc2 27. Qxc2 Qe1 28. f5 Qxh4+ 29. Bh3 Bf8 30. Kg2 gxf5 31. gxf5 Qg5+ 32. Kf3 Qh4 33. Qg2+ Kh8 34. fxe6 Qf6+ 35. Ke2 fxe6 36. Qf3 Kg7 37. Qg3+ Kf7 38. Qc7+ Qe7 39. Qf4+ Qf6 40. Qc7+ Qe7 41. Qe5 Bg7 42. Qh5+ Kf8 43. Qg6 e5 44. dxe5 Qxe5 45. Be6 Qxb2+ 46. Kf3 Qf6+ 47. Qxf6+ Bxf6 48. Bxd5 b5 49. Kg4 Ke7 50. Kh5 Bg5 51. e4 Kd6 52. Kg6 Ke5 53. Kh5 a5 54. Kg4 b4 55. Kf3 a4 56. Bc4 Be7 57. Bd5 Kf6 58. Kg4 Bc5 59. Kh5 Be3 60. Kg4 Kg6 61. Kf3 Bc5 62. Kg4 h5+ 63. Kh3 Kg5 64. Bc4 h4 65. Bd5 Be7 66. Kg2 Kg4 67. Kh1 Kf3 68. Be6 Kf2 69. Bd5 Bd6 70. Be6 h3 71. e5 Bxe5 72. Bb3 axb3 73. axb3 Ke2 0-1

[Event "Elancourt op 10th"]
[Site "Elancourt"]
[Date "2007.04.15"]
[Round "2"]
[White "Lvov, Nicolay"]
[Black "Guillet, Jacques"]
[Result "1/2-1/2"]
[WhiteElo "1699"]
[BlackElo "1540"]
[PlyCount "51"]
[EventDate "2007.04.14"]
[EventType "swiss"]
[EventRounds "9"]
[EventCountry "FRA"]
[SourceTitle "CBM 118 Extra"]
[Source "ChessBase"]
[SourceDate "2007.07.04"]
[SourceVersion "1"]
[SourceVersionDate "2007.07.04"]
[SourceQuality "1"]

1. e4 d5 2. Nc3 d4 3. Nce2 e5 4. d3 Nc6 5. Ng3 Nf6 6. Be2 Be6 7. f4 Bb4+ 8. Bd2 exf4 9. Nf5 Bxf5 10. exf5 Nd5 11. Bf3 Qh4+ 12. g3 fxg3 13. Qe2+ Ne3 14. Bxc6+ bxc6 15. Bxb4 g2+ 16. Kd2 gxh1Q 17. Nf3 Qxf3 18. Qxf3 Qxh2+ 19. Ke1 Nxc2+ 20. Kf1 Kd7 21. f6 Ne3+ 22. Ke1 Ng2+ 23. Kf1 Qh1+ 24. Kf2 Qxa1 25. Qf5+ Kd8 26. Be7+ 1/2-1/2

[Event "Elancourt op 10th"]
[Site "Elancourt"]
[Date "2007.04.14"]
[Round "1"]
[White "Blot, David"]
[Black "Lvov, Nicolay"]
[Result "1-0"]
[WhiteElo "2057"]
[BlackElo "1699"]
[PlyCount "59"]
[EventDate "2007.04.14"]
[EventType "swiss"]
[EventRounds "9"]
[EventCountry "FRA"]
[SourceTitle "CBM 118 Extra"]
[Source "ChessBase"]
[SourceDate "2007.07.04"]
[SourceVersion "1"]
[SourceVersionDate "2007.07.04"]
[SourceQuality "1"]

1. e4 Nf6 2. e5 Nd5 3. c4 Nb6 4. d4 d6 5. f4 dxe5 6. fxe5 Bf5 7. Nc3 e6 8. Nf3 Be7 9. Be3 Nc6 10. d5 exd5 11. cxd5 Nb4 12. Nd4 Bd7 13. e6 fxe6 14. dxe6 Bc6 15. a3 Bh4+ 16. g3 Bxh1 17. axb4 Bf6 18. Qg4 0-0 19. 0-0-0 Nd5 20. Nf5 Nxe3 21. Nxe3 Qe8 22. Bc4 Kh8 23. Rxh1 Bxc3 24. bxc3 Qc6 25. Rd1 b5 26. Nf5 Rxf5 27. Qxf5 Qxc4 28. Qe5 Qa2 29. e7 Qa1+ 30. Kd2 1-0